| 000 | 00000nam 2200000zi 4500 |
| 001 | 9.945313 |
| 003 | CaOODSP |
| 005 | 20241119140309 |
| 006 | m o d f |
| 007 | cr |n||||||||| |
| 008 | 241119t19791979onca ob f000 0 fre d |
| 020 | |z0660901145 |
| 040 | |aCaOODSP|bfre|erda|cCaOODSP |
| 043 | |an-cn--- |
| 086 | 1 |aF96-1/6-1979F-PDF|zF96-1/6-1979F |
| 100 | 1 |aChant, John F., |d1937- |eauteur. |
| 245 | 14|aLes effets de répartition de l'inflation : |binteraction entre le régime fiscal et l'inflation anticipée / |cpar J.F. Chant, D.G. McFetridge. |
| 264 | 1|a[Ottawa] : |bCommission de lutte contre l'inflation = Anti-Inflation Board, |c[1979] |
| 264 | 4|c©1979 |
| 300 | |a1 ressource en ligne (vii, 166 pages) : |bgraphiques |
| 336 | |atexte|btxt|2rdacontent/fre |
| 337 | |ainformatique|bc|2rdamedia/fre |
| 338 | |aressource en ligne|bcr|2rdacarrier/fre |
| 500 | |aPublié aussi en anglais sous le titre : The allocative effects of inflation. |
| 500 | |aÉdition numérisée de l'imprimé [par Direction des publications du gouvernement du Canada]. |
| 504 | |aComprend des références bibliographiques (pages 153-164). |
| 650 | 6|aInflation|zCanada. |
| 650 | 0|aInflation (Finance)|zCanada. |
| 651 | 0|aCanada|xEconomic policy. |
| 651 | 6|aCanada|zPolitique économique. |
| 710 | 1 |aCanada.|bCommission de lutte contre l'inflation, |eorganisme de publication. |
| 856 | 40|qPDF|s6933 Ko|uhttps://publications.gc.ca/collections/collection_2024/fin/F96-1-6-1979-fra.pdf |